MARC
| LEADER | 00000nam a2200000Ia 4500 | ||
|---|---|---|---|
| 008 | 180919b2000 fr ||||| |||| 00| | fr d | ||
| 999 | |c 2430 |d 2430 | ||
| 090 | |a CD # 19 | ||
| 110 | |a Centre National d'Enseignement à Distance |9 4268 | ||
| 245 | 1 | 0 | |a CNED 2000 [disco compacto] / |c Centre National d'Enseignement à Distance |
| 260 | |a Francia : |b CNED, |c 2000 | ||
| 300 | |a Disco Compacto, 12 cm de diámetro | ||
| 650 | 1 | 4 | |a CATÁLOGOS |9 1140 |
| 942 | |i 001407 |h CD # 19 |2 z |c 08 | ||
